00370 a2200133 4500001001000000005001700010008004100027245002300068100002100091700002000112700002000132773006700152999001700219ART_1284420260410161733.0260409a 10aLos días de mayo1 aSzewach, Enrique1 aBotana, Natalio1 aBlasco, Eduardo0 tEjecutivos de finanzasg- Año 7, Nº 55 (may. 1989)wREV2863 c18073d18073